000 05329cam a22019454i 4500
003 PE-LiUPU
005 20250813165505.0
005 20171205111643.0
008 001009s1997 mx a gr 001 0 spa d
020 _a9688605107
020 _a9789688605103
035 _a(Sirsi) i9789688605103
035 _a(OCoLC)651489283
040 _aBNMEX
_bspa
_cBNMEX
_dI8M
_dPUJAV
_dOCLCQ
_dPE-LiUPU
_erda
049 _aPRUA
050 4 _aRA651
_b.M28 1997
082 0 4 _a614.4
_bS1
_221
245 0 0 _aSalud comunitaria :
_bmanual de epidemiología para la gestión de servicios locales de salud SILOS /
_ceditores: Patrick Vaughan, Richard H. Morrow.
264 1 _aMéxico :
_bPax México,
_c1997.
300 _axiv, 286 páginas :
_bilustraciones ;
_c23 centímetros
336 _atext
_2rdacontent
337 _aunmediated
_2rdamedia
338 _avolume
_2rdacarrier
504 _aÍndice: páginas 283-286.
505 _aLa gestión del sistema local de salud (SILOS) -- Principios epidemiológicos -- La población del SILOS -- Información epidemiológica -- Sistemas de notificación y vigilancia -- Control de una epidemia -- Estudios epidemiológicos -- Organización de investigaciónes y encuestas -- Cuestionarios y codificación -- Procesamiento y análisis de los datos -- Presentación de la información en salud -- Divulgación de la información de salud -- Epidemiología y planificación de salud a nivel del SILOS -- A B C de definiciones y términos -- Principios ético para investigaciones epidemiológicas -- Estimación del tamaño de la muestra para un estudio de prevalencia -- Uso de números aleatorios -- Organización de un estudio epidemiológico -- Pruebas tamiz y pruebas diagnósticas -- Estandarización por edad.
526 _aP203
526 _aP200
526 _aSEG65
526 _aSEG64
526 _aSEG63
526 _aSEG62
526 _aSEG61
526 _aSEG60
526 _aSEG59
526 _aSEG58
526 _aSEG57
526 _aSEG56
526 _aSEG55
526 _aSEG54
526 _aSEG53
526 _aSEG52
526 _aSEG51
526 _aSEG50
526 _aSEG49
526 _aSEG48
526 _aSEG47
526 _aSEG46
526 _aSEG24
526 _aSEG23
526 _aSEG22
526 _aSEG21
526 _aSEG20
526 _aSEG19
526 _aSEG18
526 _aSEG17
526 _aSEG16
526 _aSEG14
526 _aSEG13
526 _aSEG12
526 _aSEG11
526 _aSEG10
526 _aSEG09
526 _aSEG06
526 _aSEG05
526 _aSEG04
526 _aSEG03
526 _aSEG02
526 _aSEG68
526 _aSEG66
526 _aSEG45
526 _aSEG25
526 _aSEG01
526 _aP163
526 _aP162
526 _aP161
526 _aP160
526 _aP159
526 _aP158
526 _aP157
526 _aP156
526 _aP155
526 _aP154
526 _aP153
526 _aP152
526 _aP151
526 _aP150
526 _aP149
526 _aP142
526 _aP141
526 _aP140
526 _aP139
526 _aP138
526 _aP137
526 _aP132
526 _aP131
526 _aP130
526 _aP126
526 _aP125
526 _aP124
526 _aP123
526 _aP115
526 _aP122
526 _aP121
526 _aP116
526 _a P114
526 _aP112
526 _aP111
526 _aP104
526 _aP103
526 _aP102
526 _aP101
526 _aP100
526 _aP96
526 _aP95
526 _aP93
526 _aP92
526 _aP91
526 _aP88
526 _aP83
526 _aP82
526 _aP79
526 _aP78
526 _aP75
526 _aP74
526 _aP71
526 _aP69
526 _a P51
526 _aP49
526 _aP48
526 _aP47
526 _aP33
526 _aP31
526 _a P30
526 _aP29
526 _aP27
526 _aP26
526 _aP25
526 _aP24
526 _a P22
526 _aP10
526 _aP09
526 _a P08
526 _aP06
526 _aP05
526 _aP04
526 _aP01
541 _g0006-002570;
650 0 _aEpidemiología.
650 0 _aEpidemiología
_xManuales, etc.
_2sears
650 0 _aEpidemiology.
650 0 _aEpidemiology
_xManuals
650 0 _aHealth planning.
650 0 _aParticipación social.
650 0 _aPlanificación de la salud.
_9207
650 0 _aServicios de salud para la comunidad.
650 0 _aSocial participation.
700 1 _aMorrow, Richard H.,
_eeditor.
700 1 _aVaughan, Patrick,
_eeditor.
910 _adbm
_bebj
_cebj
_d20171205
942 _2ddc
_cBOOK
949 _a614.4 S1
_wDEWEY
_c1
_i77203
_lCATALOGING
_mBUL
_p33.69
_r0
_sY
_tBOOK
_u2017-12-05
_xPOSGRADO
_PP79
_0COMPRA
_o.STAFF. Colección Ciencias de la Salud.
994 _aC0
_bPEPRU
596 _a1
999 _a614.4 S1
_wDEWEY
_c26000
_i77203
_d26000
_e2018-3-22
_f2021-11-4
_g4
_lCCODEBUL1
_mBUL
_n1
_p33.69
_q3
_r0
_sY
_tBOOK
_u2017-12-5
_xSALUD
_zP82
_0COMPRA
_o.STAFF. Colección Ciencias de la Salud.
980 _81
_gALBERTO SANCHEZ Responsable de Automatización